| 000 | 00768nam a22002177a 4500 | ||
|---|---|---|---|
| 003 | 0 | ||
| 005 | 20241226143108.0 | ||
| 008 | 241226b xxu||||| |||| 00| 0 eng d | ||
| 020 | _a978-1-032-35414-9 | ||
| 050 |
_aLB3430 _b.P55 2024 |
||
| 100 | _aPhilo, Sarah | ||
| 245 |
_aEffective learning and mental wellbeing _bimproving the mental health and trauma-resilience of learners in a trauma-impacted world _cSarah Philo and John Senior |
||
| 260 |
_aNew York _bRoutledge _cc2024 |
||
| 300 |
_axvi, 287 pages ; _c24cm. |
||
| 504 | _aIncludes bibliographical references and index. | ||
| 650 | _aStudent--mental health. | ||
| 650 | _aLearning, psychology of. | ||
| 650 | _aCognitive theory. | ||
| 650 | _aCOVID-19 pandemic, 2020--influence. | ||
| 942 |
_2lcc _cBK |
||
| 999 |
_c366832 _d366832 |
||